000
00292nam a2200109Ia 4500
008
220204s9999 xx 000 0 und d
082
_a
330.831.4
_b
JOS
100
_a
JOSHI, J M
245
0
_a
Theory of value, distribution and welfare economics
260
_a
New Delhi
_b
Vikas
_c
1977
942
_c
BK
999
_c
32200
_d
32200